When anger hits home: (Record no. 14588)

000 -LEADER
fixed length control field 00676nam a2200217 a 4500
001 - CONTROL NUMBER
control field :::00012420$&:&@@
003 - CONTROL NUMBER IDENTIFIER
control field OkBaRHE
005 - DATE AND TIME OF LATEST TRANSACTION
control field 20000607103419.0
008 - FIXED-LENGTH DATA ELEMENTS--GENERAL INFORMATION
fixed length control field s1992 j 000 0 eng u
040 ## - CATALOGING SOURCE
Transcribing agency
100 1# - MAIN ENTRY--PERSONAL NAME
Personal name Oliver, Gary Jackson.
245 10 - TITLE STATEMENT
Title When anger hits home:
Remainder of title taking care of your anger without taking it out on your family.
260 ## - PUBLICATION, DISTRIBUTION, ETC. (IMPRINT)
Place of publication, distribution, etc Chicago, IL., :
Name of publisher, distributor, etc Moody Press
Date of publication, distribution, etc c1992
300 ## - PHYSICAL DESCRIPTION
Extent 249 p. ;
Dimensions 24 cm.
650 ## - SUBJECT ADDED ENTRY--TOPICAL TERM
Topical term or geographic name as entry element Anger
650 ## - SUBJECT ADDED ENTRY--TOPICAL TERM
Topical term or geographic name as entry element Family
650 ## - SUBJECT ADDED ENTRY--TOPICAL TERM
Topical term or geographic name as entry element Marriage
700 ## - ADDED ENTRY--PERSONAL NAME
Personal name Wright, H. Norman, Joint author
942 ## - ADDED ENTRY ELEMENTS (KOHA)
Source of classification or shelving scheme
Koha item type Books
Copies
Date last seen Lost status Barcode Source of classification or shelving scheme Damaged status Date acquired Price effective from Shelving location Koha item type Not for loan Withdrawn status Full call number Copy number Permanent Location
2010-04-14 12420  2010-04-142010-04-14General StacksBooks  HQ 728 .O41RHEMA Bible Training College